| 000 | 00505nam a2200121Ia 4500 | ||
|---|---|---|---|
| 008 | 220620s9999||||xx |||||||||||||| ||und|| | ||
| 100 | _aCunti, Antonia | ||
| 245 | 0 | _aChapter Guidance Specificity in Educational Research. Criticisms and Area of Intervention in Higher Education | |
| 546 | _aEnglish[eng] | ||
| 650 | _ahigher education||personal and professional identity||self-realization||guidance||counseling | ||
| 856 | _uhttps://library.oapen.org/bitstream/20.500.12657/55929/1/13825.pdf | ||
| 942 | _cEB | ||
| 999 |
_c24268 _d24268 |
||